| 000 | 00724nam a2200253 a 4500 | ||
|---|---|---|---|
| 001 | 8463 | ||
| 003 | BD-RjUL | ||
| 005 | 20211208234607.0 | ||
| 008 | 140118s1958 nyua 000 0 eng d | ||
| 035 | _a(BD-RjUL)8508 | ||
| 035 | _a(OCoLC)531840 | ||
| 040 |
_aDLC _cODaWU _dOCoLC _dDLC _beng |
||
| 041 | _aeng | ||
| 082 |
_a530.12 _bKEF 1958 _223 |
||
| 100 | 1 | 0 |
_aKemble, Edwin C. _926350 |
| 245 | 1 | 4 |
_aThe fundamental principles of quantum mechanics : _bwith elementary applications / _cRdwin C. Kemble |
| 250 | _a1st ed. | ||
| 260 |
_aNew York : _bDover, _cc1958. |
||
| 300 |
_a611 p. : _bill. ; _c22 cm. |
||
| 500 | _ainclude index | ||
| 650 | 0 |
_aQuantum theory. _926351 |
|
| 942 |
_2ddc _cBK |
||
| 999 |
_c8463 _d8463 |
||